00455nam a2200133 a 4500008004100000050001500041245003900056246009600095260005100191300002300242350000900265650003300274650001400307120416s1962 ||||||||||||||||| || u aHC 865 Int14aThe economic development of Uganda areport of a mission organized by the World Bank at the request of the government of Uganda. aBaltimorebJohn Hopkins University Pressc1962 axviii, 475p : ill. a0.00 aECONOMIC DEVELOPMENT--UGANDA 0aECONOMICS